000 00702nmc a2200289 a 4500
003 AR-BaBNM
005 20251128203621.0
008 196119s1959 ||||||||||||||000 | spa||
040 _cAR-BaBNM
100 0 _aAzorín
245 1 0 _aClásicos y modernos
250 _a5ª ed.
260 _aBuenos Aires
_bLosada
_c1959
300 _a208 p.
490 0 _aBiblioteca contemporánea
650 4 _aCRITICA LITERARIA
650 4 _aLITERATURA ESPAÑOLA
650 4 _aENSAYO
650 4 _aFILOSOFIA LITERARIA
650 4 _aVIDA LITERARIA
650 4 _aBIOGRAFIAS
653 _aGENERACION DE 1898
653 _aESTUDIOS LITERARIOS
655 _aLITERATURA
942 _cBK
998 _cMARTIN
999 _c4157
_d4157